000 00294nam a2200133Ia 4500
008 191201s2008 xx 000 0 und d
100 _aDORNBUSCH, Rudiger
245 0 _aMacroeconomic
250 _aRep
260 _aN. delhi
_bTMH
_c2008
300 _a613
650 _aBBA
942 _2ddc
_cBK
_01
999 _c4547
_d4547